Gente de Madrid: relatos
Saved in:
| Hovedforfatter: | |
|---|---|
| Format: | Bog |
| Sprog: | spansk |
| Udgivet: |
Barcelona
Seix Barral
1967
|
| Serier: | Nueva Narrativa Hispánica
|
| Fag: | |
| Tags: |
Tilføj Tag
Ingen Tags, Vær først til at tagge denne postø!
|
MARC
| LEADER | 00000nam a2200000 a 4500 | ||
|---|---|---|---|
| 001 | UCT6748 | ||
| 003 | CL-VaPUC | ||
| 008 | 970113e19670000SP |||||||||||||||||spa|d | ||
| 082 | 0 | 4 | |a 863 |b GAR |2 21 |
| 100 | |a García Hortelano, Juan |e author |9 420185 | ||
| 245 | 1 | 0 | |a Gente de Madrid: relatos |
| 300 | |a 208 p | ||
| 942 | |c BK | ||
| 945 | |d 19970113 00:00:00 |a nastorga | ||
| 260 | |a Barcelona |b Seix Barral |c 1967 | ||
| 650 | 0 | |a Cuentos españoles |9 267960 | |
| 583 | |a last modification |c 19970113 00:00:00 |k Rodrigo Vera | ||
| 490 | 0 | |a Nueva Narrativa Hispánica | |
| 999 | |c 255424 |d 255422 | ||
| 952 | |0 0 |1 0 |4 0 |6 863_000000000000000_GAR_1967 |7 0 |8 A |9 277653 |a BIBEDU |b BIBEDU |d 2019-11-19 |i 3273962 |o 863 GAR 1967 |p 3273962 |r 2019-11-19 |w 2019-11-19 |y BK |k LIT | ||
| 952 | |0 0 |1 0 |4 0 |6 863_000000000000000_GAR_1967 |7 0 |8 A |9 277654 |a FDOPOS |b FDOPOS |d 2019-11-19 |i 1318608 |o 863 GAR 1967 |p 1318608 |r 2025-01-22 |w 2019-11-19 |y BK |k MLH | ||